Biblioteca

Christian choice in basic truth : an interpretation of the Apostles' Creed. (Registro nro. 45155)

Detalles MARC
000 -LÍDER
Campo fijo de descripción fija 01338aam a2200289 i 4500
001 - NÚMERO DE CONTROL
Campo de control 18745
003 - IDENTIFICADOR DEL NÚMERO DE CONTROL
Campo de control CO-MdBIC
005 - FECHA Y HORA DE LA ULTIMA TRANSACCIÓN
control field 20240531062739.0
008 - ELEMENTOS DE LONGITUD FIJA -- INFORMACIÓN GENERAL
Campo fijo de descripción fija -- Información general 190527t1960 -us |||| |||| 00| 0 eng d
020 ## - NÚMERO INTERNACIONAL NORMALIZADO PARA LIBROS
Número Internacional Normalizado del libro [No incluye ISBN]
040 ## - FUENTE DE CATALOGACIÓN
Agencia de catalogación original CO-MdFUSB
Idioma de catalogación spa
Agencia que realiza la transcripción CO-MdFUSB
Agencia que realiza la modificación CO-MdFUSBC
Convenciones de la descripción rda
041 ## - CÓDIGO DE IDIOMA
Código de idioma para texto/pista de sonido o título separado eng
082 04 - NÚMERO DE CLASIFICACIÓN DECIMAL DEWEY
Número de clasificación 23
Número de la edición del Dewey 238.152
Clave de autor-Numero de item SL634
100 ## - ASIENTO PRINCIPAL--NOMBRE PERSONAL
Nombre personal Sloan, Harold Paul,
Término relacionador autor
245 10 - TÍTULO
Título del Material Christian choice in basic truth : an interpretation of the Apostles' Creed.
Mención de responsabilidad, etc. / Harold Paul Sloan
250 ## - MENCIÓN DE EDICIÓN
Mención de edición Edición revisada.
264 #1 - PRODUCCIÓN, PUBLICACIÓN, DISTRIBUCIÓN, MANUFACTURA, Y COPYRIGHT
Lugar de producción, publicación, distribución, manufactura Butler, Indiana :
Nombre del productor, publicador, distribuidor Higley Press,
Fecha de producción, publicación, distribución, manufactura, o copyright [1959]
300 ## - DESCRIPCIÓN FÍSICA
Extensión 156 páginas
Dimensiones ; 23 cm
336 ## - TIPO DE CONTENIDO
Término de tipo de contenido texto
Código de tipo de contenido txt
Fuente rdacontent
337 ## - TIPO DE MEDIO
Fuente rdamedia
Nombre del tipo de medio sin mediación
Código del tipo de medio n
338 ## - TIPO DE SOPORTE
Fuente rdacarrier
Nombre del tipo de soporte volumen
Código Tipo de soporte nc
505 0# - NOTA DE CONTENIDO
Nota de contenido con formato preestablecido La elección cristiana en la verdad básica. -- Creo en Dios Padre Todopoderoso. -- Jesús, su único Hijo, nuestro Señor. -- Concebido del Espíritu Santo, Nacido de la Virgen María. -- Concebido del Espíritu Santo, Nacido de la Virgen María (continuación). -- Crucificado, muerto y enterrado. -- Al tercer día resucitó de entre los muertos. -- El Espíritu Santo. -- La santa iglesia católica. -- El perdón de los pecados. -- La resurrección del cuerpo y la vida eterna.
563 ## - NOTA DE ENCUADERNACIÓN
Nota de encuadernación Rústico
650 #7 - ASIENTO SECUNDARIO DE MATERIA - TERMINO TEMÁTICO
Término temático o nombre geográfico como elemento de entrada Cristianismo
Fuente del encabezamiento o término
9 (RLIN) 22
942 ## - TIPO DE MATERIAL (KOHA)
Tipo de Item KOHA Libros General
945 ## - INFORMACIÓN LOCAL DEL REGISTRO
Catalogador JTF925
Existencias
Estado de Material Estado de Perdido Forma de Clasificación Estado de Dañado No para Préstamo Colección Tomo Biblioteca de Origen Biblioteca Permanente Fecha de Adquisición Total de Préstamos Signatura Topográfica Código de Barras Última vez visto Ejemplar/Existencia Fecha de Remplazo Tipo de Material
    Dewey Decimal Classification     Colección General   Biblioteca FUSBC Biblioteca FUSBC 07/11/2014   G 238.152 SL634c 18731 12/12/2019 Ej. 1 26/01/2016 Libros General

Biblioteca FUSBC | Teléfono: (57+4) 349 88 10 Ext. 141| WhatsApp (+57) 3005338115 
E-mail: biblioteca@unisbc.edu.co | Calle 76 87-14 Robledo Palenque, Medellín, Colombia

Con tecnología Koha